| 000 | 01891nam a2200385 a 4500 | ||
|---|---|---|---|
| 001 | ebr10468997 | ||
| 003 | CaPaEBR | ||
| 006 | m u | ||
| 007 | cr cn||||||||| | ||
| 008 | 100407s2011 mau sb 001 0deng d | ||
| 010 | _z 2010014762 | ||
| 020 | _z9780674049055 (alk. paper) | ||
| 020 | _z9780674058774 (e-book) | ||
| 040 |
_aCaPaEBR _cCaPaEBR |
||
| 035 | _a(OCoLC)726742563 | ||
| 043 | _an-us--- | ||
| 050 | 1 | 4 |
_aRD27.35.W53 _bA3 2011eb |
| 082 | 0 | 4 |
_a362.1089/96073 _222 |
| 100 | 1 | _aWhite, Augustus A. | |
| 245 | 1 | 0 |
_aSeeing patients _h[electronic resource] : _bunconscious bias in health care / _cAugustus A. White III, with David Chanoff. |
| 260 |
_aCambridge, Mass. ; _aLondon, England : _bHarvard University Press, _c2011. |
||
| 300 | _ax, 335 p. | ||
| 504 | _aIncludes bibliographical references and index. | ||
| 505 | 0 | _aIt takes a village: Memphis -- Scrub nurse -- Becoming a doctor: Stanford -- Becoming a surgeon: Yale -- Combat surgeon: death and our common humanity -- Getting toward equal: Sweden -- A man ain't nothin' but a man -- Orthopedic chief: Harvard -- Diagnosis and treatment: the subconscious at work -- Health-care disparities: race -- Health-care disparities: women, Hispanics, elderly, gay -- Culturally competent care. | |
| 533 |
_aElectronic reproduction. _bPalo Alto, Calif. : _cebrary, _d2013. _nAvailable via World Wide Web. _nAccess may be limited to ebrary affiliated libraries. |
||
| 600 | 1 | 0 | _aWhite, Augustus A. |
| 650 | 0 |
_aAfrican American surgeons _vBiography. |
|
| 650 | 0 | _aDiscrimination in medical care. | |
| 650 | 0 |
_aAfrican Americans _xHistory. |
|
| 650 | 0 | _aMedical education. | |
| 655 | 7 |
_aElectronic books. _2local |
|
| 700 | 1 | _aChanoff, David. | |
| 710 | 2 | _aebrary, Inc. | |
| 856 | 4 | 0 |
_uhttp://site.ebrary.com/lib/rucke/Doc?id=10468997 _zAn electronic book accessible through the World Wide Web; click to view |
| 999 |
_c242023 _d242023 |
||